Представление документа в формате RUSMARC

ПолеНазваниеЗначение
  Тип записи a
  Библиографический уровень m
001 Контрольный номер RU\bookru\bibl\918942
003 Постоянный идентификатор записи http://www.book.ru/book/918942
005 Дата корректировки 20161026112409.5
010 Индекс ISBN __
a ISBN 978-5-406-03991-5
100 Данные общей обработки 0_
a Данные общей обработки 20151018d2015 mk y0rusy50 ca
101 Язык документа 0_
a Язык текста Русский
102 Страна публикации __
a Страна публикации RU
105 Кодированные данные (монография) __
a Кодированные данные (монография) y ||||000yy
200 Заглавие и сведения об ответственности 1_
a Заглавие Демографическая статистика
210 Выходные данные __
a Место издания Москва
c Издательство КноРус
d Дата издания 2015
215 Физическое описание __
a Объем 480
330 Аннотация __
a Аннотация Рассматриваются вопросы предмета и методов дисциплины, естественного и миграционного движения населения, прогнозирования численности населения и демографических процессов, воспроизводства населения и демографической политики. Анализируется специфика демографических процессов в России, дается характеристика отечественных переписей населения. Раскрывается взаимосвязь социально-экономических и демографических процессов. Для студентов, аспирантов, преподавателей, специалистов в области демографии, социальной статистики, социологии, социального менеджмента, экономики труда, государственного и муниципального управления.
606 Тематические рубрики __
a Основная рубрика Социология
2 Код системы local
608 Указатель предметных рубрик __
a Жанр/форма Учебник
2 Код системы local
675 Индекс УДК __
a Индекс УДК 331(075.8)
z Язык издания rus
686 Индексы других классификаций __
a Классификационный индекс 60.6я73
2 Код системы rubbk
700 Автор _1
a Фамилия Карманов М.В. под ред. и др.
801 Источник записи _1
a Страна RU
b Организация book_ru
c Дата составления 20151018
g Правила каталогизации RCR
856 Электронный адрес документа 4_
u Универсальный указатель ресурса (URL) http://www.book.ru/book/918942
951 __
a http://www.book.ru/book/918942